000 00870nmm a2200265 a 4500
001 ocm000645443
003 TR-IsHL
005 20201028132855.0
008 131030s2009 tu tur
007 cr cn
020 _a9789944995443
035 _a645443
_b(N$T)
050 0 4 _aZ464
_b.V87 2009
090 0 4 _aZ464
_b.V87 2009
100 1 _aVural, Ahmet
245 1 0 _aAdım Adım Yayıncılık
_h[electronic resource] /
_cAhmet Vural
260 _aİstanbul :
_bElit Kültür Yayınları,
_c2009
300 _a225 p.
650 4 _aMedya ve İletişim
650 4 _aCommunication & Media
650 0 _aYayınlar ve yayıncılık
_xTürkiye
650 0 _aPublishers and publishing
_xTurkey
650 7 _aLANGUAGE ARTS & DISCIPLINES / Publishing
_2bisacsh
856 4 0 _uhttp://search.ebscohost.com/login.aspx?direct=true&scope=site&db=e011xww&AN=645443
999 _c5330
_d5330